| 000 | 00469nam a2200169 i 4500 | ||
|---|---|---|---|
| 001 | 65156 | ||
| 003 | ES-MaACL | ||
| 005 | 20230906165317.0 | ||
| 007 | t| | ||
| 008 | 040109s1947 it ||||1| ita d | ||
| 100 | 1 |
_aFranzini, Egidio. _952367 |
|
| 245 | 1 | 0 |
_aIn Russia _b: memorie d'un alpino redivivo / _cEgidio Franzini. |
| 250 | _a3ยช ed. corretta. | ||
| 260 |
_aVenezia : _bZanetti, _c[1947] |
||
| 300 |
_a228 p. ; _c18 cm. |
||
| 852 |
_aES-MaACL _jC-5023 _bR.25839 |
||
| 999 |
_c65156 _d65156 |
||